Statistics for Foods that start with the letter P

Click here to take the quiz!

General Stats

  • This quiz has been taken 289 times
  • The average score is 13 of 22

Answer Stats

HintAnswer% Correct
Salts RivalPepper
93%
Good for the moviesPopcorn
88%
Cheese, Pepperoni, etcPizza
86%
Mr.______ headPotato
85%
Fun to crackPeanut
83%
Jellys best friendPeanut Butter
76%
Apple, pumpkin, cherry, etc (has bread)Pie
74%
Oink OinkPork
74%
Another name for NoodlesPasta
73%
A mintPeppermint
69%
Tropical Fruitpineapple
69%
Breads, doughnuts, etcPastry
63%
Vinegar covered vegetablePickle
54%
A juicy fruitPeach
52%
A brand of chipsPringles
46%
Baked bread in a knot-like shapePretzels
45%
A vegetable related to carrotsParsnips
44%
A herb, spice, and vegetableParsley
44%
Big purple ballsPlum
40%
Baby foodpeas
33%
Most of your complete breakfastPancakes
23%
The Hunger GamesPita Bread
20%

Score Distribution

Percentile by Number Answered

Percent of People with Each Score

Your Score History

You have not taken this quiz